Представление документа в формате RUSMARC

ПолеНазваниеЗначение
  Тип записи a
  Библиографический уровень m
001 Контрольный номер RU/УОНБ/EK/656246359
005 Дата корректировки 20241101133421.6
010 Индекс ISBN __
a ISBN 5-12-000228-5
d Цена 2 р.
9 Тираж 1220 экз.
b Уточнения в пер.
100 Данные общей обработки __
a Данные общей обработки 20201017d1988 k y0rusy0189||||ca
101 Язык документа 0_
a Язык текста rus
102 Страна публикации __
a Страна публикации RU
105 Кодированные данные (монография) __
a Кодированные данные (монография) a z 001yy
200 Заглавие и сведения об ответственности 1_
a Заглавие Получение легированных порошков диффузионным методом и их использование
f Первые сведения об ответственности И.Д. Радомысельский, С.Г. Напара-Волгина
g Последующие сведения об ответственности Акад. наук УССР, Ин-т пробл. материаловедения им. И.Н. Францевича
210 Выходные данные 1_
a Место издания Киев
c Издательство Наук. думка
d Дата издания 1988
215 Физическое описание __
a Объем 134, [2] с.
c Иллюстрации/тип воспроизводства ил.
d Формат 22 см
320 Библиография __
a Библиография Библиогр.: с. 130-135
606 Тематические рубрики 0_
a Основная рубрика Порошковая металлургия
610 Ключевые слова 0_
a Ключевые слова порошковая металлургия
686 Индексы других классификаций __
a Классификационный индекс 34.39
2 Код системы rubbk
700 Автор _1
a Фамилия Радомысельский
b Имя (инициалы) И.Д.
g Полное личное имя Израиль Давидович
701 Альтернативная интеллектуальная ответственность _1
a Фамилия Напара-Волгина
b Имя (инициалы) С.Г.
801 Источник записи _0
a Страна RU
b Организация Ульяновская ОНБ
c Дата составления 20201017
g Правила каталогизации RCR
801 Источник записи _1
a Страна RU
b Организация Ульяновская ОНБ
c Дата составления 20201017
g Правила каталогизации RCR
901 Тип документа __
t Тип документа m
909 Создатель записи __
a Создатель записи Егорова
938 Служебная информация __
a Имя БД retro
b Имя библиотеки УОНБ
c Имя АИБС МАРК-SQL
d Номер DOC_ID в БД 344450